GOT7 Trivia Quiz [Easy] Stats

Quiz not verified by Sporcle

Challenge
Share
Tweet
Embed
Score 0/10 Timer 07:00
4 Plays Today
Question Answer Wrong Answers
What was Jinyoung's former stage name? Jr./Junior
96%
James
0.3%
Jin
0.7%
J-Young
1.8%
Who is the maknae? Yugyeom
93%
BamBam
2.4%
Youngjae
2%
Jinyoung
1.1%
Which two member were part of JJ Project, a duo group, prior to being in GOT7? JB and Jinyoung
90.6%
JB and Jackson
3%
Jinyoung and Jackson
3.3%
Jackson and BamBam
1.9%
What is Bambam's nationality? Thai
90.2%
Taiwanese
7.1%
Korean
0.6%
Vietnamese
0.9%
What is the name of Mark and Youngjae's dog? Coco
88.8%
Nora
2%
Mandu
4.9%
Peanut
3%
Who is the oldest member? Mark
87.3%
JB
8.6%
Jackson
1.2%
Jinyoung
1.9%
Which member was formerly a fencer? Jackson
85.8%
Mark
3.9%
Youngjae
4.9%
Yugyeom
4.1%
When did GOT7 debut? 2014
79.8%
2012
4.5%
2013
11.5%
2015
3.1%
Who is nicknamed the 'flying member'? Mark
66.1%
JB
8.3%
Yugyeom
10.8%
Youngjae
13.2%
What was the name of GOT7's debut album? Got It?
65.3%
Got Love
14.7%
Identify
13.5%
Flight Log: Departure
5.1%

You're not logged in!

Compare scores with friends on all Sporcle quizzes.
Sign Up with Email
OR
Log In

You Might Also Like...

Show Comments

Extras

Top Quizzes Today


Score Distribution

Your Account Isn't Verified!

In order to create a playlist on Sporcle, you need to verify the email address you used during registration. Go to your Sporcle Settings to finish the process.